Advanced in Reactive Dyeing of Cellulose Textiles / (Record no. 530180)
[ view plain ]
| 000 -LEADER | |
|---|---|
| fixed length control field | 00331nam a22001337a 4500 |
| 003 - CONTROL NUMBER IDENTIFIER | |
| control field | NUST |
| 038 ## - RECORD CONTENT LICENSOR | |
| Staff Name | waseem |
| 082 ## - DEWEY DECIMAL CLASSIFICATION NUMBER | |
| Classification number | 667.3 |
| Author Mark | KHA |
| 100 ## - MAIN ENTRY--PERSONAL NAME | |
| Personal name | Khatri, Awais |
| 9 (RLIN) | 6647 |
| 245 ## - TITLE STATEMENT | |
| Title | Advanced in Reactive Dyeing of Cellulose Textiles / |
| Statement of responsibility, etc. | Awais Khatri |
| 260 ## - PUBLICATION, DISTRIBUTION, ETC. | |
| Place of publication, distribution, etc. | Islamabad : |
| Name of publisher, distributor, etc. | HEC, |
| Date of publication, distribution, etc. | 2015. |
| 300 ## - PHYSICAL DESCRIPTION | |
| Extent | 34 p. ; |
| 942 ## - ADDED ENTRY ELEMENTS (KOHA) | |
| Source of classification or shelving scheme | |
| Koha item type | Book |
| Withdrawn status | Lost status | Source of classification or shelving scheme | Damaged status | Not for loan | Permanent Location | Current Location | Date acquired | Source of acquisition | Total Checkouts | Full call number | Barcode | Date last seen | Price effective from | Koha item type |
|---|---|---|---|---|---|---|---|---|---|---|---|---|---|---|
| Central Library (CL) | Central Library (CL) | 10/13/2019 | Donation | 667.3 KHA | CL-D-677 | 10/13/2019 | 10/13/2019 | Book | ||||||
| Central Library (CL) | Central Library (CL) | 10/13/2019 | Donation | 667.3 KHA | CL-D-678 | 10/13/2019 | 10/13/2019 | Reference | ||||||
| Central Library (CL) | Central Library (CL) | 10/13/2019 | Donation | 667.3 KHA | CL-D-679 | 10/13/2019 | 10/13/2019 | Book | ||||||
| Central Library (CL) | Central Library (CL) | 10/13/2019 | Donation | 667.3 KHA | CL-D-680 | 10/13/2019 | 10/13/2019 | Reference | ||||||
| Central Library (CL) | Central Library (CL) | 06/28/2024 | 667.3 KHA | CL3191 | 06/28/2024 | 06/28/2024 | Book |
